[Event "Bundesliga 2017-18"]
[Site "Berlin GER"]
[Date "2018.05.01"]
[Round "15.5"]
[White "Lammers, Markus"]
[Black "Polischuk, Viktor"]
[Result "1/2-1/2"]
[WhiteTitle "IM"]
[BlackTitle "FM"]
[WhiteElo "2308"]
[BlackElo "2302"]
[Board "8"]
[WhiteTeam "MSA Zugzwang 82"]
[BlackTeam "SK Norderstedt 1975"]
[WhiteFideId "4680847"]
[BlackFideId "4657489"]
[EventDate "2017.10.21"]
[EventType "team"]

1. Nf3 c5 2. c4 Nf6 3. Nc3 e6 4. g3 b6 5. Bg2 Bb7 6. O-O Be7 7. Re1 d6 8. e4 a6
9. d4 cxd4 10. Nxd4 Qc7 11. Be3 Nbd7 12. Rc1 Rc8 13. h3 O-O 14. b3 Qb8 15. f4
Nc5 16. Bf2 Qa8 17. Qe2 Rfe8 18. g4 g6 19. Bg3 e5 20. fxe5 dxe5 21. Nc2 Ne6 22.
Bxe5 Ng5 23. Kh1 Nfxe4 24. Nxe4 Nxe4 25. Bxe4 Bg5 26. Rcd1 Rxe5 27. Bxb7 Qxb7+
28. Qg2 Qc7 29. Nb4 Rxe1+ 30. Rxe1 b5 31. Nd5 Qa5 32. Re5 Qa3 33. Qc2 h6 34. c5
Kg7 35. Nb6 Rd8 36. Rd5 Re8 37. Nd7 Re1+ 38. Kg2 Qb4 39. c6 Rc1 40. Qb2+ Kh7 41.
Re5 Qf4 42. Qf2 Qxf2+ 43. Kxf2 Rxc6 44. Rc5 Rd6 45. Rc7 Bf4 46. Kf3 g5 47. Ra7
Rc6 48. Ke4 Kg7 49. Ne5 Bxe5 50. Kxe5 Re6+ 1/2-1/2